000 00575nam a2200229Ia 4500
003 OSt
005 20221007064424.0
006 a|||||r|||| 00| 0
007 ta
008 221006b |||||||| |||| 00| 0 eng d
024 _a20,529
037 _cTextual
040 _aFLL
_cFLL
_beng
041 _2eng
_aeng
082 _aZ2q, F2
100 _aBasu Au.
_9219391
245 0 _aCase noted unnepealed acts
260 _aDelhi
_bDeep & Deep Pub. India
_c1922
300 _a1092p
_ccm.
942 _hZ2q, F2
_cTEXL
_2CC
999 _c1134017
_d1134017